Financial markets : emerging scenario (Record no. 189458)

MARC details
000 -LEADER
fixed length control field 00414nam a2200157Ia 4500
008 - FIXED-LENGTH DATA ELEMENTS--GENERAL INFORMATION
fixed length control field 231217s9999 xx 000 0 und d
020 ## - INTERNATIONAL STANDARD BOOK NUMBER
International Standard Book Number 817881269X
041 ## - LANGUAGE CODE
Language code of text/sound track or separate title English
082 ## - DEWEY DECIMAL CLASSIFICATION NUMBER
Classification number 332 JAN1;1 R
100 ## - MAIN ENTRY--PERSONAL NAME
Personal name Rao, Janardhan N ed.
245 #0 - TITLE STATEMENT
Title Financial markets : emerging scenario
260 ## - PUBLICATION, DISTRIBUTION, ETC.
Date of publication, distribution, etc. 2004
Name of publisher, distributor, etc. Icfai
Place of publication, distribution, etc. Hyderabad
300 ## - PHYSICAL DESCRIPTION
Extent viii, 173+A11
650 ## - SUBJECT ADDED ENTRY--TOPICAL TERM
Topical term or geographic name entry element Financial,markets,scenario
942 ## - ADDED ENTRY ELEMENTS (KOHA)
Koha item type Books
Holdings
Date last seen Total checkouts Full call number Accession number Cost, total (INR) price Price effective from Category Public note Lost status Damaged status Department Withdrawn status Home library Current library Shelving location Entry date Vendor Cost, normal purchase price Grants Billnumber Billdate Currency symbol Conversion rate Discount Old discount
26/01/2024   332 JAN1;1 R 66274 38.00 26/01/2024 Books 66274     Central Library   Central Library Central Library Central Library 18/10/2010 ICFAI Press 38.00 MBA 1993 27/10/2014 RS 1    
26/01/2024   332 JAN1;2 R1 66275 38.00 26/01/2024 Books 66275     F-Block Annex   Central Library Central Library F-Block Library Annex 18/10/2010 ICFAI Press 38.00 MBA 1993 27/10/2014 RS 1    
26/01/2024   332 JAN1;3 71882 38.00 26/01/2024 Books 71882     Central Library   Central Library Central Library Central Library 24/12/2010 ICFAI Press 38.00 MBA 1993 13/04/2015 RS 1    

© For any Suggestions or Query, please contact the library staff @ librarian@pes.edu or Phone: +9180 2672 1983/ 2108.